书目信息 |
| 题名: |
公路网规划
|
|
| 作者: | 裴玉龙 编著 | |
| 分册: | ||
| 出版信息: | 北京 人民交通出版社 2004.6 |
|
| 页数: | 216页 | |
| 开本: | 26cm | |
| 丛书名: | ||
| 单 册: | ||
| 中图分类: | U412.1 | |
| 科图分类: | ||
| 主题词: | 道路网--dao lu wang , 公路规划--gong lu gui hua , 道路网--dao lu wang--公路规划 | |
| 电子资源: | ||
| ISBN: | 7-114-05026-7 | |
| 000 | 01008nam0 2200277 450 | |
| 001 | 012004135943 | |
| 005 | 20181213082851.69 | |
| 010 | @a7-114-05026-7@d27.00CNY | |
| 100 | @a20040903d2004 em y0chiy0121 ea | |
| 101 | 0 | @achi |
| 102 | @aCN@b110000 | |
| 105 | @abk z 000yy | |
| 200 | 1 | @a公路网规划@Agong lu wang gui hua@f裴玉龙等编著 |
| 210 | @a北京@c人民交通出版社@d2004.6 | |
| 215 | @a216页@c地图@d26cm | |
| 300 | @a高等学校试用教材 交通工程、交通运输、土木工程专业用 面向21世纪 交通版 | |
| 320 | @a有书目(第214-216页) | |
| 330 | @a本书主要内容包括:公路网规划的概念、内容和方法、公路网交通信息采集与分析、社会经济与交通需求预测、公路网布局与公路网枢纽规划等。 | |
| 333 | @a阅读对象:从事公路网规划和设计及区域交通运输规划工作的专业技术人员等 | |
| 606 | 0 | @a道路网@Adao lu wang |
| 606 | 0 | @a公路规划@Agong lu gui hua |
| 606 | 0 | @a道路网@Adao lu wang@x公路规划 |
| 690 | @aU412.1@v4 | |
| 701 | 0 | @a裴玉龙@Apei yu long@4编著 |
| 801 | 0 | @aCN@bSRXX@c20110331 |
| 905 | @a10447@dU412.1@eP410 | |
| 公路网规划/裴玉龙等编著.-北京:人民交通出版社,2004.6 |
| 216页:地图;26cm |
| 高等学校试用教材 交通工程、交通运输、土木工程专业用 面向21世纪 交通版.-使用对象:阅读对象:从事公路网规划和设计及区域交通运输规划工作的专业技术人员等 |
| ISBN 7-114-05026-7:27.00CNY |
| 本书主要内容包括:公路网规划的概念、内容和方法、公路网交通信息采集与分析、社会经济与交通需求预测、公路网布局与公路网枢纽规划等。 |
| ● |
| 相关链接 |
|
|
|
正题名:公路网规划
索取号:U412.1/P410
 
预约/预借
| 序号 | 登录号 | 条形码 | 馆藏地/架位号 | 状态 | 备注 |
| 1 | 1282243 | 212822436 | 期刊室512/501自科库 51排3列3层/ [索取号:U412.1/P410] | 在馆 | |
| 2 | 464407 | 204644073 | 土木与交通工程学院资料室/土木与交通学院资料室 1排1列1层/ [索取号:U412.1/P410] | 在馆 | |
| 3 | 464408 | 204644082 | 土木与交通工程学院资料室/土木与交通学院资料室 1排1列1层/ [索取号:U412.1/P410] | 在馆 | |
| 4 | 464409 | 204644091 | 土木与交通工程学院资料室/土木与交通学院资料室 1排1列1层/ [索取号:U412.1/P410] | 在馆 | |
| 5 | 464410 | 204644108 | 土木与交通工程学院资料室/土木与交通学院资料室 1排1列1层/ [索取号:U412.1/P410] | 在馆 | |
| 6 | 464411 | 204644117 | 土木与交通工程学院资料室/土木与交通学院资料室 1排1列1层/ [索取号:U412.1/P410] | 在馆 | |
| 7 | 471524 | 204715246 | 土木与交通工程学院资料室/土木与交通学院资料室 1排1列1层/ [索取号:U412.1/P410] | 在馆 | |
| 8 | 471525 | 204715255 | 土木与交通工程学院资料室/土木与交通学院资料室 1排1列1层/ [索取号:U412.1/P410] | 在馆 | |
| 9 | 471526 | 204715264 | 土木与交通工程学院资料室/土木与交通学院资料室 1排1列1层/ [索取号:U412.1/P410] | 在馆 | |
| 10 | 471527 | 204715273 | 土木与交通工程学院资料室/土木与交通学院资料室 1排1列1层/ [索取号:U412.1/P410] | 在馆 | |
| 11 | 471528 | 204715282 | 土木与交通工程学院资料室/土木与交通学院资料室 1排1列1层/ [索取号:U412.1/P410] | 在馆 | |
| 12 | 472425 | 204724254 | 自科库501/501自科库 51排3列3层/ [索取号:U412.1/P410] | 在馆 | |
| 13 | 472426 | 204724263 | 自科库501/501自科库 51排3列3层/ [索取号:U412.1/P410] | 在馆 | |
| 14 | 472427 | 204724272 | 土木与交通工程学院资料室/土木与交通学院资料室 1排1列1层/ [索取号:U412.1/P410] | 在馆 | |
| 15 | 472428 | 204724281 | 期刊室512/501自科库 51排3列3层/ [索取号:U412.1/P410] | 在馆 | |
| 16 | 472429 | 204724290 | 土木与交通工程学院资料室/土木与交通学院资料室 1排1列1层/ [索取号:U412.1/P410] | 在馆 | |
| 17 | 487998 | 204879989 | 自科二线504/504自科库 23排2列6层/ [索取号:U412.1/P410] | 在馆 | |
| 18 | 487999 | 204879998 | 自科二线504/504自科库 23排2列6层/ [索取号:U412.1/P410] | 在馆 | |
| 19 | 488000 | 204880003 | 自科二线504/504自科库 23排2列6层/ [索取号:U412.1/P410] | 在馆 | |
| 20 | 488031 | 204880316 | 自科二线504/504自科库 23排2列6层/ [索取号:U412.1/P410] | 在馆 | |
| 21 | 488032 | 204880325 | 自科二线504/504自科库 23排2列6层/ [索取号:U412.1/P410] | 在馆 | |
| 22 | 490638 | 204906389 | 土木与交通工程学院资料室/土木与交通学院资料室 1排1列1层/ [索取号:U412.1/P410] | 在馆 | |
| 23 | 490639 | 204906398 | 土木与交通工程学院资料室/土木与交通学院资料室 1排1列1层/ [索取号:U412.1/P410] | 在馆 | |
| 24 | 490640 | 204906405 | 土木与交通工程学院资料室/土木与交通学院资料室 1排1列1层/ [索取号:U412.1/P410] | 在馆 | |
| 25 | 490641 | 204906414 | 土木与交通工程学院资料室/土木与交通学院资料室 1排1列1层/ [索取号:U412.1/P410] | 在馆 | |
| 26 | 490642 | 204906423 | 土木与交通工程学院资料室/土木与交通学院资料室 1排1列1层/ [索取号:U412.1/P410] | 在馆 | |
| 27 | 490643 | 204906432 | 土木与交通工程学院资料室/土木与交通学院资料室 1排1列1层/ [索取号:U412.1/P410] | 在馆 | |
| 28 | 490644 | 204906441 | 自科库501/501自科库 51排3列3层/ [索取号:U412.1/P410] | 在馆 | |
| 29 | 490645 | 204906450 | 土木与交通工程学院资料室/土木与交通学院资料室 1排1列1层/ [索取号:U412.1/P410] | 在馆 | |
| 30 | 490646 | 204906469 | 土木与交通工程学院资料室/土木与交通学院资料室 1排1列1层/ [索取号:U412.1/P410] | 在馆 | |
| 31 | 490647 | 204906478 | 土木与交通工程学院资料室/土木与交通学院资料室 1排1列1层/ [索取号:U412.1/P410] | 在馆 | |
| 32 | 540075 | 205400751 | 自科库501/ [索取号:U412.1/P410] | 在馆 | |
| 33 | 540076 | 205400760 | 自科库501/501自科库 51排3列3层/ [索取号:U412.1/P410] | 在馆 | |
| 34 | 540077 | 205400779 | 期刊室512/501自科库 51排3列3层/ [索取号:U412.1/P410] | 在馆 |